| 000 | 01115cam a2200313 a 4500 | ||
|---|---|---|---|
| 999 |
_c4350 _d4350 |
||
| 001 | 13248303 | ||
| 003 | GZU | ||
| 005 | 20210315150438.0 | ||
| 008 | 030623s2002 enka b 001 0 eng | ||
| 010 | _a 2003447380 | ||
| 015 | _aGBA2-Y4350 | ||
| 020 | _a1903300460 | ||
| 035 | _a(OCoLC)ocm49204883 | ||
| 040 |
_aUKM _cUKM _dOCLCQ _dDLC |
||
| 042 | _alccopycat | ||
| 043 | _ae-uk--- | ||
| 050 | 0 | 0 | _aQA135.6.D67 2002 |
| 082 | 0 | 0 |
_a372.7/044/0941 _222 |
| 100 | 1 | _aDonaldson, Gina. | |
| 245 | 1 | 0 |
_aSuccessful mathematics leadership in primary schools : _bthe role of the mathematics co-ordinator / _cGina Donaldson. |
| 260 |
_aExeter : _bLearning Matters, _c2002. |
||
| 300 |
_a94 p. : _bill. ; _c25 cm. |
||
| 504 | _aIncludes bibliographical references (p. 89-90) and index. | ||
| 650 | 0 |
_aMathematics _xStudy and teaching (Elementary) _zGreat Britain. |
|
| 650 | 0 | _aEducational leadership. | |
| 906 |
_a7 _bcbc _ccopycat _d2 _encip _f20 _gy-gencatlg |
||
| 942 |
_2lcc _cBK _h135.6D67 don _iDON _kQA |
||